00778nam a22002297a 450000500170000001000130001702000100003003500130004003700160005304000120006908200170008110000290009824500430012726000470017027000210021730000230023865000570026165000370031894200260035599900190038195201480040020170124110208.0 aA-517471 c10.00 aA-517471 bCen Lib/Ret aDPLbEN a181.499bCHI aChidananda, Swami937709 aA new beginning /cby Swami Chidananda aShivanandanagarbDivine Life Societyc1991 bShivanandanagar  aiii,66p.c20cm(Hb) aDivine Life Society (India) -- Spiritual life937710 aSpiritual life -- Hinduism99884 2ddccENh181.499mCHI c133356d133356 04104070aLbLd2015-07-25eCen Lib/Retg10.00l0o181.499 CHIpA-517471r2015-07-25 00:00:00t1v10.00w2015-07-25yENzW/d list no. 6801/15